Bramkarze Lechii Gdańsk w XXI wieku - Statystyki

Ogólne statystyki
  • Ten quiz został rozwiązany 20 razy
    3 od ostatniego zresetowania
  • Średni wynik to 10 z 17
Statystyki odpowiedzi
Lata gry Narodowość Nazwisko % Poprawnych
2025-2026 Nowa Zelandia Alex Paulsen
100%
2017-2023 Słowacja Dušan Kuciak
100%
2008-2009 2013-2017 Polska Mateusz Bąk
100%
2024- Ukraina Bogdan Sarnavskyi
67%
2011-2013 2022-2023 Polska Michał Buchalik
67%
2008-2011 Polska Paweł Kapsa
67%
2010-2013 Polska Sebastian Małkowski
67%
2024- Polska Szymon Weirauch
67%
2011-2012 Polska Wojciech Pawłowski
67%
2018-2021 Serbia Zlatan Alomerović
67%
2012-2014 Polska Bartosz Kaniecki
33%
2014-2017 Polska Damian Podleśny
33%
2014 Polska Dariusz Trela
33%
2015-2016 Polska Łukasz Budziłek
33%
2015-2016 Chorwacja Marko Marić
33%
2017-2018 Chorwacja Oliver Zelenika
33%
2016-2017 Serbia Vanja Milinković-Savić
33%
Nie znaleziono quizów pasujących do podanych kryteriów
Rozkład punktacji
Procent ludzi z każdym wynikiem
Percentyl według liczby udzielonych odpowiedzi
Twoja historia wyników
Nie rozwiązałeś tego quizu od ostatniego zresetowania